| 000 | 00650nam a2200229 a 4500 | ||
|---|---|---|---|
| 001 | 1423909 | ||
| 005 | 20180131072019.0 | ||
| 008 | 840419s1984 maua b 000 0 eng | ||
| 010 | _a 84009704 | ||
| 020 | _a026204076X | ||
| 040 |
_aDLC _cDLC _dDLC |
||
| 041 | _aeng | ||
| 080 | _a330.0724 DIA | ||
| 082 | 0 | 0 |
_a330.0724 DIA _219 |
| 100 | 1 | _a52 | |
| 101 | _aMAK | ||
| 245 | 1 | 2 |
_aA search-equilibrium approach to the micro foundations of macroeconomics / _cPeter A. Diamond. |
| 504 | _aBibliography: p. [65]-71. | ||
| 740 | 0 | _aMicro foundations of macroeconomics. | |
| 906 |
_a7 _bcbc _corignew _d1 _eocip _f19 _gy-gencatlg |
||
| 942 |
_2ddc _cBK |
||
| 999 |
_c41377 _d41377 |
||